Membres des Enfoirés - Statistiques

Statistiques générales
  • Ce quiz a été pris 635 fois
    429 depuis la dernière actualisation
  • Le résultat moyen est 79 sur 243
Statistiques - réponses
Nombre de Participations Artistes % Correct
27 Jean-Jacques Goldman
86%
28 Patrick Bruel
86%
27 Mimie Mathy
84%
18 Jenifer
82%
7 Zaz
82%
22 Patrick Fiori
81%
24 Zazie
80%
15 Amel Bent
73%
16 Garou
73%
3 Johnny Hallyday
68%
16 Pascal Obispo
67%
1 Coluche
66%
9 David Hallyday
66%
18 Lorie
66%
5 Soprano
65%
15 Gérard Jugnot
64%
6 M. Pokora
64%
11 Christophe Maé
63%
18 Jean-Louis Aubert
63%
21 Michèle Laroque
63%
1 Kylian Mbappé
62%
13 Nolwenn Leroy
62%
3 Céline Dion
61%
6 Florent Pagny
61%
1 Inès Reg
61%
15 Marc Lavoine
61%
18 Muriel Robin
60%
6 Sébastien Chabal
60%
2 Didier Deschamps
59%
13 Kad Merad
59%
6 Michaël Youn
57%
1 Zinedine Zidane
57%
12 Christophe Willem
55%
16 Claire Keim
55%
21 Pierre Palmade
55%
6 Renaud
55%
2 Slimane
55%
1 Vitaa
55%
3 Lara Fabian
54%
14 Maurane
54%
8 Alizée
53%
16 Hélène Ségara
53%
27 Michael Jones
53%
4 Michel Sardou
53%
1 Jacques Dutronc
52%
16 Julien Clerc
52%
9 Thomas Dutronc
52%
12 Bénabar
51%
15 Francis Cabrel
51%
22 Liane Foly
51%
3 Amir
50%
3 Élodie Fontan
50%
21 MC Solaar
50%
3 Philippe Lacheau
49%
7 Tal
49%
11 Yannick Noah
49%
11 Catherine Lara
48%
2 Claudio Capéo
47%
14 Jean-Baptiste Maunier
47%
5 Kendji Girac
47%
22 Maxime Le Forestier
47%
6 Véronique Sanson
47%
10 Alain Souchon
46%
2 Tarek Boudali
46%
2 Axelle Red
45%
3 Dany Boon
45%
3 Eddy Mitchell
45%
15 Patricia Kaas
45%
7 Julie Zenatti
44%
5 Laurent Voulzy
44%
9 Nicolas Canteloup
44%
4 Shy'm
44%
2 Charles Aznavour
43%
7 Chimène Badi
43%
4 Calogero
42%
11 Elsa
42%
2 Gad Elmaleh
41%
5 Josiane Balasko
41%
11 Natasha St-Pier
41%
1 Michel Blanc
40%
3 Emmanuel Moire
39%
2 France Gall
39%
15 Lââm
39%
9 Vanessa Paradis
39%
4 Carla Bruni
38%
1 Mika
38%
4 Thierry Lhermitte
38%
3 Alain Chabat
37%
2 Bixente Lizarazu
37%
2 Black M
37%
1 Louane
37%
8 Grégoire
36%
4 Serge Lama
36%
3 Isabelle Boulay
35%
3 Julien Arruti
35%
5 Renan Luce
35%
1 Patrick Sébastien
34%
6 Tina Arena
34%
13 Patrick Timsit
33%
9 Carole Fredericks
32%
2 Catherine Deneuve
32%
2 Charlotte Gainsbourg
32%
1 Didier Bourdon
32%
1 Fabien Barthez
32%
1 Amandine Henry
31%
2 Ary Abittan
31%
2 Jeff Panacloc & Jean-Marc
31%
1 Bernard Campan
30%
7 Gérard Darmon
30%
4 Jean-Marie Bigard
30%
1 Michel Drucker
30%
1 Tony Parker
30%
1 Pascal Légitimus
29%
6 Sandrine Kiberlain
29%
3 Corneille
28%
2 Isabelle Nanty
28%
1 Thomas Pesquet
28%
1 Alice Pol
27%
5 Axel Bauer
27%
1 Camille Lacourt
27%
3 Jane Birkin
27%
1 Les Inconnus
27%
3 Nathalie Baye
27%
3 Raphael
27%
6 Roch Voisine
27%
1 Alain Bernard
26%
3 Élie Semoun
26%
1 Emmanuel Petit
26%
1 Fabien Gillot
26%
1 Michel Platini
26%
5 Marie-Agnès Gillot
25%
5 Ophélie Winter
25%
1 Étienne Daho
24%
8 Gérald De Palmas
24%
1 Karim Benzema
24%
1 Lilian Thuram
24%
1 Alain Delon
23%
1 Christian Karembeu
23%
1 Eric Cantona
23%
1 Franck Ribéry
23%
1 Frédéric François
23%
9 Karen Mulder
23%
1 Laeticia Casta
23%
1 Salvatore Adamo
23%
1 Tonton David
23%
2 Valérie Lemercier
23%
1 Yves Montand
23%
1 Aimé Jacquet
22%
1 Faudel
22%
1 Gilbert Bécaud
22%
2 Patrick Dupond
22%
2 Dominique Farrugia
21%
1 Émile et Images
21%
1 Hugues Aufray
21%
1 Jean Reno
21%
1 Sébastien Loeb
21%
1 Zlatan Ibrahimovic
21%
3 Dany Brillant
20%
1 Fanny Ardant
20%
1 Mireille Mathieu
20%
5 Smaïn
20%
1 Sophie Marceau
20%
1 Yannick Agnel
20%
1 Basile Boli
19%
1 Daniel Lévi
19%
1 José Garcia
19%
2 Khaled
19%
2 Les Innocents
19%
2 Malik Bentalha
19%
1 Michel Fugain
19%
1 Christophe Dugarry
18%
1 Doc Gynéco
18%
1 Maëlle
18%
1 Nana Mouskouri
18%
3 Philippe Lavil
18%
1 Richard Anconina
18%
1 Dave
17%
1 Jean-Marc Généreux
17%
1 Marius Colucci
17%
1 Monica Bellucci
17%
1 Alain Boghossian
16%
2 Élie Kakou
16%
2 Emmanuelle Béart
16%
1 Estelle Lefébure
16%
2 Fabrice Luchini
16%
1 Guy Roux
16%
2 Les Nuls
16%
1 Nâdiya
16%
1 Patrick Juvet
16%
2 Pow woW
16%
1 Richard Berry
16%
1 Arielle Dombasle
15%
1 Carole Bouquet
15%
1 Dick Rivers
15%
1 Dieudonné
15%
1 Laurent Baffie
15%
2 Martin Lamotte
15%
1 Serge Reggiani
15%
1 Véronic Dicaire
15%
8 Yves Lecoq
15%
1 Angunn
14%
2 Dan Ar Braz
14%
1 Michel Leeb
14%
1 Romane Bohringer
14%
1 Amaury Leveaux
13%
1 François Damiens
13%
1 Frédéric Diefenthal
13%
1 I Muvrini
13%
1 Jocelyne Béroard
13%
3 La Bande à Fifi
13%
2 Native
13%
1 Patrick Chesnais
13%
1 Renaud Capuçon
13%
1 Stephan Eicher
13%
1 Titoff
13%
1 Annie Cordy
12%
1 Jean-Claude Brialy
12%
1 Hélène Noguerra
11%
1 Mia Frye
11%
1 Richard Cocciante
11%
1 Boulevard des airs
10%
1 Gregory Coupet
10%
1 Jean d'Ormesson
10%
2 Princess Erika
10%
2 Yves Simon
10%
1 Caroline Cellier
9%
1 Diane Dufresne
9%
3 Alain Lanty
8%
1 Bafétimbi Gomis
8%
1 Claire Nadeau
8%
1 Coumba Gawlo
8%
1 Luc Plamondon
8%
1 Maryse Gildas
8%
1 Paul Personne
8%
1 Renaud Hantson
8%
1 Pauline Lefèvre
7%
1 Peter Kingsbery
7%
1 Éric Vu-An
6%
2 Jean-Jacques Milteau
6%
1 Vincent Chaillet
6%
1 Daniela de Jesus Cosio
5%
1 Jacques Veneruso
5%
1 Khadja Nin
5%
Aucun quiz correspondant
Distribution des résultats
% des personnes avec chaque résultat
Percentile par nombre de réponses
Votre historique - résultats
Vous n’avez pas pris ce quiz depuis la dernière actualisation